000 00363 a2200169 4500
001 184761
020 _a
040 _cMagnum
100 _aOrthof, Sylvia
240 1 0 _aCadĂȘ a peruca do Mozart?
_lpor
245 1 0 _aCadĂȘ a peruca do Mozart?
300 _a
362 0 _a1991
440 1 _aMiguilim
697 _aLITERATURA INFANTO-JUVENIL
942 _cBK
999 _c184761
_d184761